<?xml version="1.0" encoding="UTF-8"?><?xml-stylesheet type="text/xsl" href="static/style.xsl"?><OAI-PMH xmlns="http://www.openarchives.org/OAI/2.0/" xmlns:xsi="http://www.w3.org/2001/XMLSchema-instance" xsi:schemaLocation="http://www.openarchives.org/OAI/2.0/ http://www.openarchives.org/OAI/2.0/OAI-PMH.xsd"><responseDate>2026-04-17T09:35:34Z</responseDate><request verb="GetRecord" identifier="oai:riubu.ubu.es:10259/8345" metadataPrefix="marc">https://riubu.ubu.es/oai/request</request><GetRecord><record><header><identifier>oai:riubu.ubu.es:10259/8345</identifier><datestamp>2024-01-16T01:05:33Z</datestamp><setSpec>com_10259_6171</setSpec><setSpec>com_10259_5086</setSpec><setSpec>com_10259_2604</setSpec><setSpec>col_10259_6172</setSpec></header><metadata><record xmlns="http://www.loc.gov/MARC21/slim" xmlns:doc="http://www.lyncode.com/xoai" xmlns:xsi="http://www.w3.org/2001/XMLSchema-instance" xmlns:dcterms="http://purl.org/dc/terms/" xsi:schemaLocation="http://www.loc.gov/MARC21/slim http://www.loc.gov/standards/marcxml/schema/MARC21slim.xsd">
<leader>00925njm 22002777a 4500</leader>
<datafield tag="042" ind1=" " ind2=" ">
<subfield code="a">dc</subfield>
</datafield>
<datafield tag="720" ind1=" " ind2=" ">
<subfield code="a">Santamaría, Amaia</subfield>
<subfield code="e">author</subfield>
</datafield>
<datafield tag="720" ind1=" " ind2=" ">
<subfield code="a">Ortega López, Vanesa</subfield>
<subfield code="e">author</subfield>
</datafield>
<datafield tag="720" ind1=" " ind2=" ">
<subfield code="a">Skaf Revenga, Marta</subfield>
<subfield code="e">author</subfield>
</datafield>
<datafield tag="720" ind1=" " ind2=" ">
<subfield code="a">Revilla Cuesta, Víctor</subfield>
<subfield code="e">author</subfield>
</datafield>
<datafield tag="720" ind1=" " ind2=" ">
<subfield code="a">Manso Villalaín, Juan Manuel</subfield>
<subfield code="e">author</subfield>
</datafield>
<datafield tag="260" ind1=" " ind2=" ">
<subfield code="c">2024-04</subfield>
</datafield>
<datafield tag="520" ind1=" " ind2=" ">
<subfield code="a">Electric Arc Furnace (EAF) slag, a by-product of the steelmaking industry, also serves as a highquality aggregate material for structural concrete production. In this research, its use is proposed&#xd;
as a Dry-Shake Hardener (DSH), in substitution of quartz, in concrete paving top coatings. Three&#xd;
concrete paving slab kinds were produced using EAF: one without fibers, another with metallic&#xd;
fibers; and the third with synthetic fibers. Half of each slab was coated with a classical cementquartz mix and the other half with a novel cement-slag mix. After four years of outdoor aging&#xd;
at the city of Burgos, Spain, the slabs were visually inspected and no significant differences were&#xd;
found between the two coated materials. Impact, skid, and abrasion resistance tests were carried&#xd;
out and showed similar results for both types of coating courses. The result of both the short and&#xd;
long-term water absorption test results indicated, firstly, no short-term water absorption in both&#xd;
cases and, secondly, lower long-term water absorption in the quartz-cement mix. Finally,&#xd;
observation of the oil stain resistance tests on the top coatings led to the conclusion that the&#xd;
cleaning ability is very good. Analyzing all the results, it may be concluded that a new application&#xd;
for EAF slag have been found, it is a suitable material for use as a DSH for coating concrete paving&#xd;
slabs.</subfield>
</datafield>
<datafield tag="024" ind2=" " ind1="8">
<subfield code="a">2352-7102</subfield>
</datafield>
<datafield tag="024" ind2=" " ind1="8">
<subfield code="a">http://hdl.handle.net/10259/8345</subfield>
</datafield>
<datafield tag="024" ind2=" " ind1="8">
<subfield code="a">10.1016/j.jobe.2023.108367</subfield>
</datafield>
<datafield ind1=" " ind2=" " tag="653">
<subfield code="a">EAF slag</subfield>
</datafield>
<datafield ind1=" " ind2=" " tag="653">
<subfield code="a">Dry shake hardener material</subfield>
</datafield>
<datafield ind1=" " ind2=" " tag="653">
<subfield code="a">Sustainable concrete</subfield>
</datafield>
<datafield ind1=" " ind2=" " tag="653">
<subfield code="a">Coating concrete paving slab</subfield>
</datafield>
<datafield ind1=" " ind2=" " tag="653">
<subfield code="a">DSH concrete durability</subfield>
</datafield>
<datafield tag="245" ind1="0" ind2="0">
<subfield code="a">Electric arc furnace slag in substitution of quartz for surface treatment of concrete paving slabs</subfield>
</datafield>
</record></metadata></record></GetRecord></OAI-PMH>